[Event "CHI-chT"]
[Site "Santiago de Chile"]
[Date "2012.12.20"]
[Round "9"]
[White "Egger Mancilla, Jorge Alejandro"]
[Black "Farfan, Enrique"]
[Result "0-1"]
[WhiteElo "2448"]
[BlackElo "2094"]
[PlyCount "74"]
[EventDate "2012.11.22"]
[EventType "team-tourn"]
[EventRounds "9"]
[EventCountry "CHI"]
[SourceTitle "EXT 2014"]
[Source "ChessBase"]
[SourceDate "2013.11.20"]
[SourceVersion "1"]
[SourceVersionDate "2013.11.20"]
[SourceQuality "1"]

1. e4 c5 2. Nf3 d6 3. Bb5+ Bd7 4. Bxd7+ Qxd7 5. c4 Nc6 6. 0-0 g6 7. Nc3 Bg7 8. d3 Nf6 9. h3 0-0 10. Be3 Rfc8 11. Qd2 Qd8 12. Ng5 h6 13. Nf3 Kh7 14. Nh2 e6 15. Rad1 b6 16. f4 d5 17. Bf2 dxe4 18. dxe4 Qxd2 19. Rxd2 Nh5 20. g3 Bxc3 21. bxc3 Rd8 22. Rfd1 Rxd2 23. Rxd2 Na5 24. Rd7 Kg7 25. e5 Nxc4 26. Kg2 g5 27. Kf3 Kg6 28. Ke4 a6 29. fxg5 hxg5 30. Nf3 b5 31. g4 f5+ 32. gxf5+ exf5+ 33. Kd3 g4 34. hxg4 fxg4 35. Nh4+ Kg5 36. Ke4 Re8 37. Ra7 Rxe5+ 0-1

[Event "CHI-chT"]
[Site "Santiago de Chile"]
[Date "2012.11.27"]
[Round "2"]
[White "Perez Gormaz, Matias Ariel"]
[Black "Egger Mancilla, Jorge Alejandro"]
[Result "1-0"]
[WhiteElo "2264"]
[BlackElo "2448"]
[PlyCount "51"]
[EventDate "2012.11.22"]
[EventType "team-tourn"]
[EventRounds "9"]
[EventCountry "CHI"]
[SourceTitle "EXT 2014"]
[Source "ChessBase"]
[SourceDate "2013.11.20"]
[SourceVersion "1"]
[SourceVersionDate "2013.11.20"]
[SourceQuality "1"]

1. e4 e6 2. d4 d5 3. Nc3 Bb4 4. e5 c5 5. a3 Bxc3+ 6. bxc3 Ne7 7. Qg4 0-0 8. Bd3 Nbc6 9. Qh5 Ng6 10. Nf3 Qc7 11. Be3 c4 12. Bxg6 fxg6 13. Qg4 Bd7 14. h4 Rf5 15. h5 gxh5 16. Rxh5 Raf8 17. Ng5 Qa5 18. Bd2 Qb6 19. Rxh7 Rxg5 20. Qh4 Qb2 21. Rc1 Rff5 22. Rh8+ Kf7 23. Bxg5 Qxc3+ 24. Kf1 Rxg5 25. Qxg5 Qxd4 26. Re1 1-0

[Event "CHI-ch"]
[Site "Santiago de Chile"]
[Date "2012.??.??"]
[Round "4"]
[White "Caceres Salinas, David Alejandro"]
[Black "Egger Mancilla, Jorge Alejandro"]
[Result "0-1"]
[WhiteElo "2093"]
[BlackElo "2443"]
[PlyCount "78"]
[EventDate "2012.02.18"]
[EventType "tourn"]
[EventRounds "11"]
[EventCountry "CHI"]
[EventCategory "3"]
[SourceTitle "CBM 147 Extra"]
[Source "ChessBase"]
[SourceDate "2012.04.24"]
[SourceVersion "1"]
[SourceVersionDate "2012.04.24"]
[SourceQuality "1"]

1. e4 c5 2. Nf3 e6 3. d4 cxd4 4. Nxd4 a6 5. Nc3 b5 6. Bd3 Bc5 7. Be3 Qb6 8. Nce2 Nf6 9. Qd2 Nc6 10. c3 Ng4 11. b4 Bf8 12. Nc2 Nxe3 13. Nxe3 Be7 14. 0-0 Bb7 15. Kh1 Ne5 16. Bc2 Rc8 17. f4 Nc4 18. Nxc4 Rxc4 19. Rad1 0-0 20. Bd3 Rc7 21. Nd4 Rfc8 22. Rc1 d6 23. f5 e5 24. Ne2 Bf6 25. Rf3 h6 26. Rcf1 d5 27. exd5 Bxd5 28. Rg3 Kf8 29. Bb1 Qc6 30. Qe3 Bg5 31. Qd3 Rd7 32. Qc2 Bc4 33. f6 Bxf6 34. Re1 Rcd8 35. Nd4 exd4 36. Qh7 Be6 37. Bf5 dxc3 38. Bxe6 fxe6 39. Rg6 Rf7 0-1

[Event "CHI-ch"]
[Site "Santiago de Chile"]
[Date "2011.02.20"]
[Round "4"]
[White "Vargas Maliqueo, Ivan Patricio"]
[Black "Egger Mancilla, Jorge Alejandro"]
[Result "0-1"]
[WhiteElo "2164"]
[BlackElo "2449"]
[PlyCount "36"]
[EventDate "2011.02.18"]
[EventType "tourn"]
[EventRounds "11"]
[EventCountry "CHI"]
[EventCategory "1"]
[SourceTitle "CBM 141 Extra"]
[Source "ChessBase"]
[SourceDate "2011.05.03"]
[SourceVersion "1"]
[SourceVersionDate "2011.05.03"]
[SourceQuality "1"]

1. e4 c5 2. Nf3 d6 3. d4 cxd4 4. Nxd4 Nf6 5. Nc3 a6 6. Bc4 e6 7. Bb3 Nbd7 8. f4 Nc5 9. Qf3 Be7 10. Be3 Qc7 11. f5 0-0 12. 0-0 b5 13. e5 dxe5 14. Qc6 Ra7 15. fxe6 exd4 16. Rxf6 Bxf6 17. Qxc7 Rxc7 18. Nd5 Nxb3 0-1

[Event "CHI-ch"]
[Site "Santiago de Chile"]
[Date "2011.??.??"]
[Round "5"]
[White "Egger Mancilla, Jorge Alejandro"]
[Black "Torres Bravo, Cristobal Renato"]
[Result "0-1"]
[WhiteElo "2449"]
[BlackElo "2250"]
[PlyCount "146"]
[EventDate "2011.02.18"]
[EventType "tourn"]
[EventRounds "11"]
[EventCountry "CHI"]
[EventCategory "1"]
[SourceTitle "CBM 141 Extra"]
[Source "ChessBase"]
[SourceDate "2011.05.03"]
[SourceVersion "1"]
[SourceVersionDate "2011.05.03"]
[SourceQuality "1"]

1. e4 c5 2. Nf3 d6 3. d4 cxd4 4. Nxd4 Nf6 5. Nc3 g6 6. Be3 Bg7 7. f3 Nc6 8. Qd2 0-0 9. Bc4 Bd7 10. 0-0-0 Ne5 11. Bb3 Qa5 12. h4 Rfc8 13. h5 Nxh5 14. Bh6 Bxh6 15. Qxh6 Rxc3 16. bxc3 Qxc3 17. Kb1 Nf6 18. Ne2 Qc8 19. Nf4 Qf8 20. Qg5 Qg7 21. Nd3 Nxd3 22. Rxd3 Bc6 23. e5 dxe5 24. Rhd1 h6 25. Qxe5 e6 26. Rd8+ Rxd8 27. Rxd8+ Kh7 28. Qc5 a6 29. Qe7 Ng8 30. Qc7 Qf6 31. Rc8 h5 32. Qb8 Ne7 33. Rc7 Kg7 34. Qa7 Qh4 35. Qc5 Nd5 36. Rc8 Qe7 37. Qa5 Qf6 38. Bxd5 Bxd5 39. Qb4 h4 40. Qf8+ Kh7 41. f4 e5 42. Qg8+ Kh6 43. Qf8+ Kh5 44. fxe5 Qb6+ 45. Kc1 Qe3+ 46. Kb2 Qxe5+ 47. Kb1 Qe6 48. Qc5 f5 49. Rh8+ Kg5 50. Qd4 Qe4 51. Qg7 Qb4+ 52. Kc1 Qe1+ 53. Kb2 Kf4 54. Qd4+ Be4 55. Qd6+ Ke3 56. Qc5+ Ke2 57. Qc4+ Kf2 58. Rxh4 Kxg2 59. Rh6 g5 60. Rg6 g4 61. Rh6 Qe3 62. Rd6 Bf3 63. Qb4 Qe5+ 64. Ka3 Be2 65. Qxb7+ Kf2 66. Rb6 Bf3 67. Qxa6 g3 68. Rb3 Qc5+ 69. Kb2 g2 70. Qd3 Qe5+ 71. Ka3 Be2 72. Qh3 g1Q 73. Qh4+ Qgg3 0-1

[Event "CHI-ch"]
[Site "Santiago de Chile"]
[Date "2011.??.??"]
[Round "11"]
[White "Salinas Herrera, Pablo Patricio"]
[Black "Egger Mancilla, Jorge Alejandro"]
[Result "0-1"]
[WhiteElo "2263"]
[BlackElo "2449"]
[PlyCount "80"]
[EventDate "2011.02.18"]
[EventType "tourn"]
[EventRounds "11"]
[EventCountry "CHI"]
[EventCategory "1"]
[SourceTitle "CBM 141 Extra"]
[Source "ChessBase"]
[SourceDate "2011.05.03"]
[SourceVersion "1"]
[SourceVersionDate "2011.05.03"]
[SourceQuality "1"]

1. e4 e6 2. d4 d5 3. Nc3 Bb4 4. e5 c5 5. a3 Bxc3+ 6. bxc3 Ne7 7. Qg4 0-0 8. Bd3 Nbc6 9. Qh5 Ng6 10. Nf3 Qc7 11. Be3 c4 12. Bxg6 fxg6 13. Qg4 Qf7 14. Ng5 Qe8 15. h4 h6 16. Nh3 Bd7 17. h5 gxh5 18. Qe2 Qg6 19. 0-0-0 Be8 20. Rdg1 Qg4 21. Qd2 Ne7 22. f3 Qf5 23. Nf4 Qf7 24. Nxh5 Nf5 25. Bf4 Qe7 26. g4 Nh4 27. Nf6+ Rxf6 28. exf6 Qxa3+ 29. Kd1 Nxf3 30. Qe3 Qa1+ 31. Ke2 Nxg1+ 32. Rxg1 Qb2 33. Rc1 gxf6 34. Qxe6+ Bf7 35. Qxf6 Qb6 36. Qh4 Re8+ 37. Kd2 Qg6 38. Rh1 Qe4 39. Qxh6 Bg6 40. Qh8+ Kf7 0-1

[Event "CHI-chT"]
[Site "Chile"]
[Date "2010.11.23"]
[Round "6"]
[White "Bombardiere Rosas, Eduardo"]
[Black "Egger Mancilla, Jorge Alejandro"]
[Result "0-1"]
[WhiteElo "2199"]
[BlackElo "2433"]
[PlyCount "64"]
[EventDate "2010.10.19"]
[EventType "team"]
[EventRounds "9"]
[EventCountry "CHI"]
[SourceTitle "EXT 2012"]
[Source "ChessBase"]
[SourceDate "2011.11.24"]
[SourceVersion "1"]
[SourceVersionDate "2011.11.24"]
[SourceQuality "1"]

1. d4 Nf6 2. Nf3 g6 3. e3 Bg7 4. c4 0-0 5. Be2 d6 6. Nbd2 Nbd7 7. Qc2 e5 8. 0-0 Re8 9. Rd1 e4 10. Ng5 Qe7 11. b4 Nf8 12. Bb2 h6 13. Nh3 Bxh3 14. gxh3 N6h7 15. Bf1 Qh4 16. Bg2 Ng5 17. Rf1 Nfh7 18. f4 Nxh3+ 19. Kh1 Nf2+ 20. Rxf2 Qxf2 21. Qc3 Nf6 22. Nf1 c5 23. Qb3 Ng4 24. h3 Qh4 25. d5 Nf2+ 26. Kh2 Bxb2 27. Qxb2 Nd3 28. Qb3 cxb4 29. a3 a5 30. axb4 axb4 31. Rxa8 Rxa8 32. Bxe4 Qf2+ 0-1

[Event "Santiago Endesa Interempresas tt-A"]
[Site "Santiago de Chile"]
[Date "2010.07.20"]
[Round "2"]
[White "Egger Mancilla, Jorge Alejandro"]
[Black "Pierattini, Giovanni"]
[Result "1-0"]
[WhiteElo "2441"]
[BlackElo "2079"]
[PlyCount "85"]
[EventDate "2010.07.13"]
[EventType "team"]
[EventRounds "13"]
[EventCountry "CHI"]
[SourceTitle "EXT 2012"]
[Source "ChessBase"]
[SourceDate "2011.11.24"]
[SourceVersion "1"]
[SourceVersionDate "2011.11.24"]
[SourceQuality "1"]

1. e4 e5 2. Nf3 Nc6 3. Bb5 f5 4. d3 fxe4 5. dxe4 Nf6 6. Qd3 d6 7. Nc3 a6 8. Bxc6+ bxc6 9. Bg5 Be6 10. 0-0 h6 11. Be3 g5 12. Rfd1 Be7 13. Ne2 0-0 14. Ng3 Qe8 15. h4 g4 16. Nh2 Kg7 17. c4 Nh5 18. Nf5+ Bxf5 19. exf5 g3 20. fxg3 Nxg3 21. Bxh6+ Kxh6 22. Qxg3 Rxf5 23. Rf1 Qg6 24. Qe3+ Kh7 25. Rxf5 Qxf5 26. Rf1 Qg6 27. h5 Qxh5 28. Rf3 Bg5 29. Qe4+ Kg7 30. Qxc6 Rh8 31. Qxc7+ Kg8 32. Qb8+ Kg7 33. Qb7+ Kg8 34. Qd5+ Kg7 35. Qb7+ Kg8 36. Qd5+ Kg7 37. Ng4 Qh1+ 38. Kf2 Bf4 39. Qb7+ Kg6 40. Qd7 Qh4+ 41. g3 Qh1 42. Qe6+ Kg7 43. Qf6+ 1-0

[Event "CHI-ch"]
[Site "Santiago de Chile"]
[Date "2010.02.27"]
[Round "12"]
[White "Egger Mancilla, Jorge Alejandro"]
[Black "Salinas Herrera, Pablo Patricio"]
[Result "1-0"]
[WhiteElo "2443"]
[BlackElo "2207"]
[PlyCount "93"]
[EventDate "2010.02.18"]
[EventType "tourn"]
[EventRounds "13"]
[EventCountry "CHI"]
[EventCategory "2"]
[SourceTitle "CBM 135 Extra"]
[Source "ChessBase"]
[SourceDate "2010.05.04"]
[SourceVersion "1"]
[SourceVersionDate "2010.05.04"]
[SourceQuality "1"]

1. e4 c5 2. Nf3 d6 3. d3 Nc6 4. g3 g6 5. Bg2 Bg7 6. 0-0 b6 7. c3 Qc7 8. d4 e5 9. d5 Nce7 10. c4 f5 11. Ng5 fxe4 12. Nc3 Nf6 13. Ne6 Bxe6 14. dxe6 a6 15. Nxe4 Nxe4 16. Bxe4 Rb8 17. Qa4+ b5 18. Qxa6 0-0 19. Bd2 Rb6 20. Ba5 Rxa6 21. Bxc7 bxc4 22. Rfd1 d5 23. Rxd5 Nxd5 24. Bxd5 Re8 25. Bxc4 Rc6 26. Bd8 Kf8 27. e7+ Rxe7 28. Bxe7+ Kxe7 29. a4 Rc7 30. a5 Ra7 31. a6 Kd6 32. Rd1+ Kc6 33. Bd5+ Kb5 34. Bb7 e4 35. b3 Kb4 36. Rd7 Bd4 37. Rxh7 e3 38. fxe3 Bxe3+ 39. Kg2 Kxb3 40. Kf3 Bg1 41. Bd5+ c4 42. Rb7+ Kc3 43. Rxa7 Bxa7 44. h4 Kb4 45. Ke4 Kb5 46. Bxc4+ Kxc4 47. g4 1-0

[Event "CHI-ch"]
[Site "Santiago de Chile"]
[Date "2010.02.26"]
[Round "10"]
[White "Vasquez Schroder, Rodrigo Rafael"]
[Black "Egger Mancilla, Jorge Alejandro"]
[Result "1-0"]
[WhiteElo "2506"]
[BlackElo "2443"]
[PlyCount "91"]
[EventDate "2010.02.18"]
[EventType "tourn"]
[EventRounds "13"]
[EventCountry "CHI"]
[EventCategory "2"]
[SourceTitle "CBM 135 Extra"]
[Source "ChessBase"]
[SourceDate "2010.05.04"]
[SourceVersion "1"]
[SourceVersionDate "2010.05.04"]
[SourceQuality "1"]

1. d4 Nf6 2. c4 c6 3. Nf3 d5 4. Nc3 e6 5. Bg5 h6 6. Bxf6 Qxf6 7. e3 Nd7 8. a3 g6 9. Bd3 Bg7 10. 0-0 0-0 11. Qc2 Qe7 12. b4 a6 13. Rab1 Kh7 14. h4 f5 15. cxd5 cxd5 16. Rfc1 Nb6 17. Na4 Nxa4 18. Qxa4 Bf6 19. Qa5 Rf7 20. g3 Qd8 21. Qa4 Rc7 22. Rxc7+ Qxc7 23. h5 Bd7 24. hxg6+ Kxg6 25. Qd1 Rc8 26. b5 a5 27. Kg2 Qc3 28. a4 Qa3 29. Ng1 Kg7 30. Ne2 Bg5 31. Rc1 Rxc1 32. Nxc1 Qb2 33. Be2 b6 34. Nd3 Qc3 35. g4 Kf7 36. Ne5+ Ke7 37. gxf5 exf5 38. Bd3 Qc8 39. Qb1 Be6 40. Qb2 Bf6 41. Qa3+ Ke8 42. Qd6 Bxe5 43. dxe5 Kf7 44. Qxb6 Qg8+ 45. Kf1 Qg4 46. Qd4 1-0

[Event "CHI-ch"]
[Site "Santiago de Chile"]
[Date "2010.02.24"]
[Round "8"]
[White "Calvo Salas, Pablo"]
[Black "Egger Mancilla, Jorge Alejandro"]
[Result "0-1"]
[WhiteElo "2305"]
[BlackElo "2443"]
[PlyCount "87"]
[EventDate "2010.02.18"]
[EventType "tourn"]
[EventRounds "13"]
[EventCountry "CHI"]
[EventCategory "2"]
[SourceTitle "CBM 135 Extra"]
[Source "ChessBase"]
[SourceDate "2010.05.04"]
[SourceVersion "1"]
[SourceVersionDate "2010.05.04"]
[SourceQuality "1"]

1. e4 c5 2. Nf3 d6 3. d4 cxd4 4. Nxd4 Nf6 5. Nc3 a6 6. Bg5 e6 7. f4 Nbd7 8. Bc4 b5 9. Bxe6 fxe6 10. Nxe6 Qa5 11. Nxf8 Rxf8 12. Qxd6 Qb6 13. 0-0-0 Qxd6 14. Rxd6 Nc5 15. Re1 h6 16. Bh4 Kf7 17. e5 Ne8 18. Rd5 Na4 19. Nxa4 bxa4 20. Rd4 a3 21. bxa3 Nc7 22. h3 Kg8 23. Bg3 Ne6 24. Rc4 Bb7 25. Re2 Bd5 26. Ra4 Bc6 27. Rb4 a5 28. Rb6 Rac8 29. Rf2 Nc5 30. Bh2 Ba4 31. Rd2 Ne4 32. Re2 Rc4 33. g4 Rfc8 34. Rb2 Nc5 35. Kd2 Ne6 36. f5 Nd4 37. Rf2 Nxc2 38. e6 Rd8+ 39. Ke2 Re4+ 40. Kf1 Ne3+ 41. Ke2 Bd1+ 42. Ke1 Nxg4+ 43. Kf1 Nxf2 44. Rxf2 0-1

[Event "CHI-ch"]
[Site "Santiago de Chile"]
[Date "2010.02.23"]
[Round "7"]
[White "Egger Mancilla, Jorge Alejandro"]
[Black "Valdes Escobar, Alvaro Daniel"]
[Result "1-0"]
[WhiteElo "2443"]
[BlackElo "2361"]
[PlyCount "81"]
[EventDate "2010.02.18"]
[EventType "tourn"]
[EventRounds "13"]
[EventCountry "CHI"]
[EventCategory "2"]
[SourceTitle "CBM 135 Extra"]
[Source "ChessBase"]
[SourceDate "2010.05.04"]
[SourceVersion "1"]
[SourceVersionDate "2010.05.04"]
[SourceQuality "1"]

1. e4 c5 2. Nf3 d6 3. d4 cxd4 4. Nxd4 Nf6 5. Nc3 Nc6 6. Bg5 e6 7. Qd2 a6 8. 0-0-0 h6 9. Be3 Be7 10. f3 Nxd4 11. Qxd4 b5 12. Kb1 Qa5 13. Qb6 Qxb6 14. Bxb6 Bb7 15. Bd3 Rc8 16. Bf2 Nd7 17. Rhe1 Ne5 18. Bf1 0-0 19. Ne2 Nc4 20. Nd4 Bf6 21. Bg3 Rfd8 22. c3 Be7 23. Nc2 Nb6 24. Ne3 Na4 25. Bd3 Nc5 26. Bc2 a5 27. Rd4 h5 28. Red1 Rc6 29. e5 d5 30. Bh4 Bxh4 31. Rxh4 g6 32. g4 hxg4 33. Nxg4 Nd7 34. f4 Kg7 35. Bd3 Ba6 36. Ne3 Nc5 37. Nc2 Nxd3 38. Rxd3 b4 39. Rdh3 bxc3 40. Nd4 Rcc8 41. Nxe6+ 1-0

[Event "CHI-ch"]
[Site "Santiago de Chile"]
[Date "2010.02.22"]
[Round "6"]
[White "Lopez Silva, Hugo Andres"]
[Black "Egger Mancilla, Jorge Alejandro"]
[Result "1-0"]
[WhiteElo "2412"]
[BlackElo "2443"]
[PlyCount "53"]
[EventDate "2010.02.18"]
[EventType "tourn"]
[EventRounds "13"]
[EventCountry "CHI"]
[EventCategory "2"]
[SourceTitle "CBM 135 Extra"]
[Source "ChessBase"]
[SourceDate "2010.05.04"]
[SourceVersion "1"]
[SourceVersionDate "2010.05.04"]
[SourceQuality "1"]

1. e4 c5 2. Nf3 e6 3. d4 cxd4 4. Nxd4 a6 5. Nc3 Qc7 6. g3 Bb4 7. Bd2 Nc6 8. Nxc6 bxc6 9. Bg2 Nf6 10. 0-0 Be7 11. Re1 e5 12. Na4 0-0 13. c4 c5 14. f4 d6 15. f5 Nd7 16. Rf1 Nb8 17. Nc3 Qd8 18. Nd5 Bf6 19. Qg4 Kh8 20. Qh5 Ra7 21. g4 g6 22. Qh3 Rg8 23. fxg6 Rxg6 24. Rxf6 Rxf6 25. Ba5 Qxa5 26. Nxf6 Kg7 27. Qxh7+ 1-0

[Event "CHI-ch"]
[Site "Santiago de Chile"]
[Date "2010.02.21"]
[Round "5"]
[White "Egger Mancilla, Jorge Alejandro"]
[Black "Paez Medina, Guillermo Alejandro"]
[Result "1-0"]
[WhiteElo "2443"]
[BlackElo "2086"]
[PlyCount "63"]
[EventDate "2010.02.18"]
[EventType "tourn"]
[EventRounds "13"]
[EventCountry "CHI"]
[EventCategory "2"]
[SourceTitle "CBM 135 Extra"]
[Source "ChessBase"]
[SourceDate "2010.05.04"]
[SourceVersion "1"]
[SourceVersionDate "2010.05.04"]
[SourceQuality "1"]

1. e4 e5 2. Nf3 Nc6 3. Bb5 f5 4. d3 fxe4 5. dxe4 Nf6 6. 0-0 d6 7. Qd3 Bd7 8. Nc3 a6 9. Bc4 b5 10. Bb3 Na5 11. Nd5 c6 12. Ne3 Nb7 13. Nf5 Bxf5 14. exf5 Nc5 15. Qe2 Qd7 16. Nd4 Nxb3 17. axb3 Kf7 18. Ne6 g6 19. f4 gxf5 20. Ng5+ Kg6 21. fxe5 dxe5 22. Nf3 Bc5+ 23. Be3 Qa7 24. Nh4+ Kf7 25. Nxf5 Ke6 26. Kh1 Rhg8 27. Rad1 Rad8 28. Rxd8 Rxd8 29. Qf3 Rd5 30. c4 bxc4 31. bxc4 Rd3 32. Qxc6+ 1-0

[Event "CHI-ch"]
[Site "Santiago de Chile"]
[Date "2010.02.19"]
[Round "2"]
[White "Romero Araya, Diego Alonso"]
[Black "Egger Mancilla, Jorge Alejandro"]
[Result "0-1"]
[WhiteElo "2273"]
[BlackElo "2443"]
[PlyCount "68"]
[EventDate "2010.02.18"]
[EventType "tourn"]
[EventRounds "13"]
[EventCountry "CHI"]
[EventCategory "2"]
[SourceTitle "CBM 135 Extra"]
[Source "ChessBase"]
[SourceDate "2010.05.04"]
[SourceVersion "1"]
[SourceVersionDate "2010.05.04"]
[SourceQuality "1"]

1. e4 c5 2. Nf3 d6 3. d4 cxd4 4. Nxd4 Nf6 5. Nc3 a6 6. Bc4 e6 7. Bb3 Nbd7 8. f4 Nc5 9. e5 dxe5 10. fxe5 Nfd7 11. Bf4 b5 12. Qe2 Bb7 13. 0-0-0 Be7 14. Qg4 g6 15. Bh6 b4 16. Nxe6 fxe6 17. Bxe6 Qc7 18. Nd5 Bxd5 19. Rxd5 Nxe6 20. Qxe6 Rc8 21. Kb1 Rf8 22. Rhd1 Nc5 23. Qh3 Rf5 24. g4 Rxe5 25. Rxe5 Qxe5 26. Bc1 Rd8 27. Rxd8+ Kxd8 28. Qxh7 g5 29. h4 gxh4 30. g5 Qd4 31. g6 Bf6 32. Qg8+ Kd7 33. Qf7+ Kc6 34. Qe8+ Kb7 0-1

[Event "Santiago Endesa Interempresas tt-A"]
[Site "Santiago de Chile"]
[Date "2009.09.15"]
[Round "9"]
[White "Diaz Villagran, Robert"]
[Black "Egger Mancilla, Jorge Alejandro"]
[Result "1/2-1/2"]
[WhiteElo "2294"]
[BlackElo "2440"]
[PlyCount "61"]
[EventDate "2009.07.21"]
[EventType "team"]
[EventRounds "13"]
[EventCountry "CHI"]
[SourceTitle "EXT 2012"]
[Source "ChessBase"]
[SourceDate "2011.11.24"]
[SourceVersion "1"]
[SourceVersionDate "2011.11.24"]
[SourceQuality "1"]

1. e4 c5 2. c3 Nf6 3. e5 Nd5 4. d4 cxd4 5. Nf3 e6 6. Bc4 d6 7. cxd4 Nb6 8. Bb3 dxe5 9. dxe5 Qxd1+ 10. Bxd1 Bd7 11. 0-0 Bb5 12. Re1 Nc6 13. Nc3 Bd3 14. Be2 Bxe2 15. Rxe2 Be7 16. Bg5 h6 17. Bxe7 Kxe7 18. Ne4 Rhd8 19. Nc5 Rab8 20. Rc1 Nd4 21. Nxd4 Rxd4 22. Nb3 Rc8 23. Ree1 Rdc4 24. g3 Nd5 25. Rxc4 Rxc4 26. Rc1 Re4 27. Rc8 Rxe5 28. Ra8 Re1+ 29. Kg2 b6 30. Rxa7+ Kf6 31. Nd4 1/2-1/2

[Event "Santiago Endesa Interempresas tt-A"]
[Site "Santiago de Chile"]
[Date "2009.08.25"]
[Round "6"]
[White "Egger Mancilla, Jorge Alejandro"]
[Black "Michel Yunis, Christian D"]
[Result "1-0"]
[WhiteElo "2440"]
[BlackElo "2366"]
[PlyCount "42"]
[EventDate "2009.07.21"]
[EventType "team"]
[EventRounds "13"]
[EventCountry "CHI"]
[SourceTitle "EXT 2012"]
[Source "ChessBase"]
[SourceDate "2011.11.24"]
[SourceVersion "1"]
[SourceVersionDate "2011.11.24"]
[SourceQuality "1"]

1. e4 c5 2. Nf3 e6 3. d4 cxd4 4. Nxd4 Nc6 5. Nc3 d6 6. Be2 a6 7. 0-0 Nf6 8. Be3 Qc7 9. f4 Be7 10. Qe1 Nxd4 11. Bxd4 b5 12. a3 Bb7 13. Qg3 0-0 14. Rae1 d5 15. exd5 Bc5 16. Bxc5 Qxc5+ 17. Kh1 exd5 18. Bd3 Rfe8 19. Re5 Kf8 20. Ne2 h6 21. c3 Nd7 1-0

[Event "CHI-chT"]
[Site "Santiago de Chile"]
[Date "2008.11.18"]
[Round "4"]
[White "Vargas Maliqueo, Ivan Patricio"]
[Black "Egger Mancilla, Jorge Alejandro"]
[Result "0-1"]
[WhiteElo "2207"]
[BlackElo "2424"]
[PlyCount "82"]
[EventDate "2008.11.04"]
[EventType "team-tourn"]
[EventRounds "9"]
[EventCountry "CHI"]
[SourceTitle "EXT 2012"]
[Source "ChessBase"]
[SourceDate "2011.11.24"]
[SourceVersion "1"]
[SourceVersionDate "2011.11.24"]
[SourceQuality "1"]

1. e4 c5 2. Nf3 e6 3. d4 cxd4 4. Nxd4 a6 5. Bd3 Bc5 6. Nb3 Be7 7. 0-0 d6 8. a4 Nf6 9. a5 0-0 10. Bg5 Nc6 11. N1d2 h6 12. Be3 e5 13. Nc4 Be6 14. Nb6 Rb8 15. c4 Nd7 16. Nd5 Bg5 17. Re1 Bxe3 18. Rxe3 Bxd5 19. cxd5 Ne7 20. Nd2 f5 21. Be2 Nf6 22. exf5 Nxf5 23. Rh3 Kh8 24. Nc4 Qe7 25. Nb6 Qf7 26. Rc1 Nd4 27. Bc4 Ne4 28. f3 Ng5 29. Rg3 Nf5 30. Rxg5 hxg5 31. Qd2 Qe7 32. Bd3 Nd4 33. Qe3 Rf4 34. Rc4 Rbf8 35. Bb1 g4 36. Qd3 Qh4 37. g3 Nxf3+ 38. Qxf3 Rxf3 39. gxh4 Rf1+ 40. Kg2 Rxb1 41. Rc2 Kh7 0-1

[Event "CHI-chT"]
[Site "Santiago de Chile"]
[Date "2008.11.12"]
[Round "3"]
[White "Arancibia Guzman, Eduardo"]
[Black "Egger Mancilla, Jorge Alejandro"]
[Result "1-0"]
[WhiteElo "2401"]
[BlackElo "2424"]
[PlyCount "203"]
[EventDate "2008.11.04"]
[EventType "team-tourn"]
[EventRounds "9"]
[EventCountry "CHI"]
[SourceTitle "EXT 2012"]
[Source "ChessBase"]
[SourceDate "2011.11.24"]
[SourceVersion "1"]
[SourceVersionDate "2011.11.24"]
[SourceQuality "1"]

1. d4 Nf6 2. c4 c6 3. Nf3 d5 4. Qc2 dxc4 5. Qxc4 Bf5 6. g3 e6 7. Bg2 Be7 8. 0-0 0-0 9. Nc3 b5 10. Qb3 b4 11. Na4 Nbd7 12. Bg5 Rc8 13. Rac1 Be4 14. Bxf6 gxf6 15. Rfd1 Qa5 16. Nd2 Bd5 17. Nc4 Qa6 18. e4 Bxc4 19. Rxc4 Nb6 20. Nxb6 axb6 21. d5 cxd5 22. Rxc8 Rxc8 23. Bf1 b5 24. exd5 Rd8 25. dxe6 Qxe6 26. Rxd8+ Bxd8 27. Qd3 Be7 28. b3 Qe5 29. Qf3 Bc5 30. Bxb5 Bxf2+ 31. Qxf2 Qxb5 32. Qxf6 Qc5+ 33. Kg2 Qc2+ 34. Kh3 Qc3 35. Qf5 Qd2 36. Qg4+ Kf8 37. Qe4 Kg8 38. g4 Qh6+ 39. Kg3 Qd6+ 40. Qf4 Qd3+ 41. Kh4 Qc3 42. h3 Kg7 43. Qg5+ Kh8 44. Qf5 Kg8 45. g5 Kg7 46. Qf4 Kg6 47. Qe4+ Kg7 48. Kg4 Qd2 49. h4 Qd1+ 50. Kf4 Qd2+ 51. Ke5 Qc3+ 52. Kd5 Kg8 53. Qd4 Kf8 54. Qc4 Qd2+ 55. Kc5 Qxa2 56. Kxb4 Kg8 57. Kb5 Qa8 58. b4 Qb7+ 59. Ka5 Qa8+ 60. Qa6 Qd8+ 61. Qb6 Qd5+ 62. Qc5 Qa8+ 63. Kb5 Qb7+ 64. Kc4 Qe4+ 65. Qd4 Qc6+ 66. Kb3 Qf3+ 67. Qc3 Qd5+ 68. Kb2 Qg2+ 69. Qc2 Qg4 70. Qd2 Qxh4 71. b5 Qc4 72. Qd8+ Kg7 73. b6 Qb4+ 74. Kc2 Qc4+ 75. Kd2 Qb4+ 76. Kd3 Qb3+ 77. Ke4 Qb1+ 78. Ke5 Qb5+ 79. Kd6 Qd3+ 80. Kc7 Qc4+ 81. Kb8 Qf4+ 82. Qc7 Qxg5 83. b7 Qb5 84. Qd6 Qc4 85. Ka7 Qa4+ 86. Kb6 Qb3+ 87. Kc6 Qa4+ 88. Kc7 Qa5+ 89. Kc8 Qf5+ 90. Kd8 Qa5+ 91. Kc8 Qf5+ 92. Kb8 Qb5 93. Qd4+ Kg8 94. Qc3 Qa6 95. Kc7 Qa7 96. Qe5 h5 97. Qxh5 Kg7 98. Qg5+ Kh7 99. Qf5+ Kg7 100. Qe5+ Kg8 101. Qd5 Kg7 102. Qb5 1-0

[Event "Santiago Endesa Interempresas tt-A"]
[Site "Santiago de Chile"]
[Date "2008.09.02"]
[Round "7"]
[White "Egger Mancilla, Jorge Alejandro"]
[Black "Bombardiere Rosas, Eduardo"]
[Result "1/2-1/2"]
[WhiteElo "2431"]
[BlackElo "2280"]
[PlyCount "77"]
[EventDate "2008.07.22"]
[EventType "team"]
[EventRounds "11"]
[EventCountry "CHI"]
[SourceTitle "EXT 2012"]
[Source "ChessBase"]
[SourceDate "2011.11.24"]
[SourceVersion "1"]
[SourceVersionDate "2011.11.24"]
[SourceQuality "1"]

1. e4 e5 2. Nf3 Nf6 3. Nxe5 d6 4. Nf3 Nxe4 5. d4 Be7 6. Bd3 Nf6 7. h3 0-0 8. 0-0 Re8 9. c4 c6 10. Nc3 Nbd7 11. Bg5 Nf8 12. Qc2 g6 13. Rfe1 Ne6 14. Bh4 Nh5 15. Bxe7 Rxe7 16. Qd2 Nef4 17. Bf1 Ne6 18. d5 Nc7 19. Rxe7 Qxe7 20. Re1 Qf8 21. dxc6 bxc6 22. Rd1 Ne8 23. Ne4 Be6 24. g4 Nhg7 25. Qh6 f6 26. Nd4 Bd7 27. Bg2 Rb8 28. b3 c5 29. Nc2 Be6 30. Ne3 Rb6 31. Nd5 Bxd5 32. Rxd5 Ne6 33. Qxf8+ Kxf8 34. Rd2 Nd4 35. Nc3 Nc7 36. f4 Rb8 37. Kf2 f5 38. gxf5 gxf5 39. Ne2 1/2-1/2